header

Typological change in Chinese syntax (Record no. 22152)

MARC details
000 -LEADER
fixed length control field 01288nam a22003494a 4500
082 04 - DEWEY DECIMAL CLASSIFICATION NUMBER
Classification number 495.1/5
100 1# - MAIN ENTRY--AUTHOR NAME
Personal name Xu, Dan.
245 10 - TITLE STATEMENT
Title Typological change in Chinese syntax
260 ## - PUBLICATION, DISTRIBUTION, ETC. (IMPRINT)
Place of publication Oxford ;
-- New York :
Name of publisher Oxford University Press,
Year of publication 2006.
300 ## - PHYSICAL DESCRIPTION
Number of Pages xii, 259 p.
490 1# - SERIES STATEMENT
Series statement Oxford linguistics
650 #0 - SUBJECT ADDED ENTRY--TOPICAL TERM
Topical Term Chinese language
856 40 - ELECTRONIC LOCATION AND ACCESS
Uniform Resource Identifier http://site.ebrary.com/lib/rucke/Doc?id=10271443

No items available.

© 2026 Rongo University
Contact us: librarian | system librarian | Rongo university